000 05005cam a22014054i 4500
003 PE-LiUPU
005 20250813185309.0
008 150706s2008 a r 000 0 d
020 _a9788427707719
035 _a(Sirsi) i9788427707719
040 _aPE-LiUPU
_bspa
_cPE-LiUPU
_erda
049 _aPRUA
082 0 4 _a372.818
_bZ16
_221
082 0 4 _a372.21
_bZ12
082 0 4 _a372.21
_bZ12 2012
100 1 _aZabalza, Miguel Ángel,
_eautor.
245 1 0 _aDidáctica de la educación infantil /
_cMiguel ángel Zabalza.
250 _a1a edición.
264 1 _aBogotá :
_bEdiciones de la U,
_c2012.
300 _a290 páginas :
_bilustraciones ;
_c24 centímetros.
336 _atext
_2rdacontent
337 _aunmediated
_2rdamedia
338 _avolume
_2rdacarrier
490 0 _aEducación
504 _aIncluye bibliografía.
505 0 _aLa Educación infantil: aspectos generales -- Características psicodidácticas de la edad infantil -- Síntesis de las características del niño de escuela infantil -- Función de la escuela infantil -- Concepto de educación infantil -- Curriculum, programa y programación en la educación infantil -- Objetivos de la educación infantil -- Organización de los espacios de la clase -- Los contenidos: (actividades, experiencias).
526 _aP202
526 _aP201
526 _aP163
526 _aP162
526 _aP161
526 _aP160
526 _aP148
526 _aP147
526 _aP146
526 _aP145
526 _aP144
526 _aP143
526 _aP142
526 _aP141
526 _aP140
526 _aP139
526 _aP138
526 _aP137
526 _aP136
526 _aP135
526 _aP134
526 _aP133
526 _aP129
526 _aP128
526 _aP127
526 _aP120
526 _aP119
526 _aP118
526 _aP116
526 _aP115
526 _aP114
526 _aP110
526 _aP109
526 _aP108
526 _aP104
526 _aP103
526 _aP102
526 _aP99
526 _aP98
526 _aP97
526 _aP96
526 _aP95
526 _aP93
526 _aP90
526 _aP89
526 _aP88
526 _aP83
526 _aP82
526 _aP62
526 _aP59
526 _aP58
526 _aP57
526 _aP51
526 _aP49
526 _aP48
526 _aP47
526 _aP29
526 _aP24
526 _aP20
526 _aP19
526 _aP17
526 _aP15
526 _aP14
526 _aP12
526 _aP10
526 _aP09
526 _aP08
526 _aP07
526 _aP06
526 _aP05
526 _aP04
526 _aP01
541 _g001-00003175;
541 _g001-003031;
541 _g001-0037504;
650 0 4 _aEducación preescolar.
700 1 _aGutiérrez M., Adriana,
_ecoord.
910 _agl
_clch
_d20130930
910 _btqv
_caic
_d20170103
942 _2ddc
_cBOOK
949 _a372.21 Z12
_wDEWEY
_c1
_iFJ05054
_lCCODEBUJ1
_mBUJ
_p30.00
_r0
_sY
_tBOOK
_u2017-1-3
_xEDUCACION
_PP19
_0COMPRA
_o.STAFF. Colección General Juliaca
949 _a372.21 Z12 2012
_wDEWEY
_c1
_iFJ09878
_lCCODEBUJ1
_mBUJ
_p30.00
_r0
_sY
_tBOOK
_u2017-1-3
_xEDUCACION
_PP19
_0COMPRA
_o.STAFF. Colección General Juliaca
949 _a372.818 Z16
_wDEWEY
_c1
_i68340
_lCCODEBUL1
_mBUL
_p36.00
_r0
_sY
_tBOOK
_u2015-7-6
_xEDUCACION
_PP20
_0COMPRA
_o.STAFF. Colección General
949 _a372.818 Z16
_wDEWEY
_c2
_i70962
_d2016-5-3
_e2016-4-26
_lCCODEBUL1
_mBUL
_n1
_p32.42
_r0
_sY
_tBOOK
_u2015-5-11
_xEDUCACION
_PP20
_0COMPRA
_o.STAFF. Colección General
949 _a372.818 Z16
_wDEWEY
_c3
_i72182
_lCCODEBUL1
_mBUL
_p30.00
_r0
_sY
_tBOOK
_u2015-11-26
_xEDUCACION
_PP20
_0COMPRA
_o.STAFF. Colección General
994 _aC0
_bPEPRU
596 _a1 3
999 _a372.818 Z16
_wDEWEY
_c4762
_i68340
_f2021-11-8
_g5
_lCCODEBUL1
_mBUL
_p36.00
_r0
_sN
_tBOOK
_u2015-7-6
_xEDUCACION
_PP20
_0COMPRA
_o.STAFF. Colección General
_d4762
999 _a372.818 Z16
_wDEWEY
_c2
_i70962
_d2016-5-3
_e2016-4-26
_f2021-11-8
_g5
_lCCODEBUL1
_mBUL
_n1
_p32.42
_r0
_sY
_tBOOK
_u2015-5-11
_xEDUCACION
_PP20
_0COMPRA
_o.STAFF. Colección General
999 _a372.818 Z16
_wDEWEY
_c3
_i72182
_f2021-11-8
_g5
_lCCODEBUL1
_mBUL
_p30.00
_r0
_sY
_tBOOK
_u2015-11-26
_xEDUCACION
_PP20
_0COMPRA
_o.STAFF. Colección General
999 _a372.21 Z12
_wDEWEY
_c1
_iFJ05054
_d2018-11-2
_e2018-10-26
_f2022-1-18
_g3
_lCCODEBUJ1
_mBUJ
_n1
_p30.00
_q1
_r0
_sY
_tBOOK
_u2017-1-3
_xEDUCACION
_PP19
_0COMPRA
_o.STAFF. Colección General Juliaca
999 _a372.21 Z12 2012
_wDEWEY
_c1
_iFJ09878
_d2019-5-22
_e2019-5-15
_f2022-1-18
_g3
_lCCODEBUJ1
_mBUJ
_n1
_p30.00
_q1
_r0
_sY
_tBOOK
_u2017-1-11
_xEDUCACION
_PP20
_0COMPRA
_o.STAFF. Colección General Juliaca
980 _81
_gALBERTO SANCHEZ Responsable de Automatización